000 01564nam a22004457a 4500
001 11944612
003 OSt
005 20210420073129.0
008 000317s2001 maua b 001 0 eng
010 _a 00036529
020 _a0878934391
040 _aeng
_cDLC
_deng
041 _aeng
042 _apcc
050 0 0 _aQP355.2
_b.K83 2001
080 _a616.8
_bN-50
082 0 0 _a573.8
_221
100 _9439
_aNicholls, G. John
245 0 0 _aFrom neuron to brain /
_cJohn G. Nicholls ... [et al.].
250 _a4th ed.
260 _aSunderland, Mass. :
_bSinauer Associates,
_cc2001.
300 _a1 v. (various pagings) : 580 p. Appendix 21 p. Glossary 7 p/ Bibliography 60 p. Index 11 p.
_bill. (some col.) ;
_c29 cm.
500 _aPrevious ed. cataloged under: Nicholls, John G.
504 _aIncludes bibliographical references and index.
650 0 _aNeurophysiology.
650 0 _aNeurology
_9100
650 0 _aBrain.
650 0 _aNeurons.
653 _aნევროლოგია
653 _aნეიროფიზიოლოგია
653 _aთავის ტვინი
700 1 _aNicholls, John G.
700 1 _aNicholls, John G.
_tFrom neuron to brain.
700 _aMartin, A. Robert
_9440
700 _aWallace, G. Bruce
_9441
700 _aFuchs, A. Paul
_9442
906 _a7
_bcbc
_corignew
_d1
_eocip
_f20
_gy-gencatlg
942 _2udc
_cBK
_e4
999 _c525
_d525